| 000 | 00604nmm a2200193Ia 4500 | ||
|---|---|---|---|
| 008 | 251105s9999||||xx |||||||||||||||||und|| | ||
| 020 | _a9788499409993 | ||
| 041 | _aspa | ||
| 100 | _aPérez, Rafael Alberto | ||
| 245 | 0 | _aLa complejidad de lo social. La trama de la vida : nivel de integración social | |
| 264 |
_a[Madrid, España] : _bBiblioteca Nueva, _c2014 |
||
| 300 | _a548 páginas | ||
| 490 | _aViaje a la complejidad | ||
| 650 | _aSociology | ||
| 700 | _aPérez, Rafael Alberto | ||
| 700 | 1 | _a Sanfeliu, Isabel | |
| 856 | _uhttps://public.digitaliapublishing.com/a/35467 | ||
| 942 | _cCF | ||
| 999 |
_c69959 _d69959 |
||